Welcome to the Holygrace Academy Library

Please use search bar below to get started

LOKATHE PIDICHU KULUKKIYA PATTH DIVASANGAL (Record no. 5018)

MARC details
000 -LEADER
fixed length control field 00308nam a22001337a 4500
082 ## - DEWEY DECIMAL CLASSIFICATION NUMBER
Classification number 894.812
Item number REE/L
100 ## - MAIN ENTRY--AUTHOR NAME
Personal name REED JOHN
245 ## - TITLE STATEMENT
Title LOKATHE PIDICHU KULUKKIYA PATTH DIVASANGAL
260 ## - PUBLICATION, DISTRIBUTION, ETC. (IMPRINT)
Place of publication SOVIET UNION
Name of publisher PROGRESS PUBLISHERS
Year of publication 1987
300 ## - PHYSICAL DESCRIPTION
Number of Pages 536
520 ## - SUMMARY, ETC.
Summary, etc NOVEL
650 ## - SUBJECT ADDED ENTRY--TOPICAL TERM
Topical Term NOVEL
942 ## - ADDED ENTRY ELEMENTS (KOHA)
Koha item type Books
Holdings
Withdrawn status Lost status Collection code Home library Current library Shelving location Date acquired Source of acquisition Full call number Accession Number Koha item type
    Non-fiction Main Library Main Library SHELF-16L- MALAYALAM BIOGRAPHY,STUDIES/CRITICISM 12/01/2005 Purchase 894.812 REE/L 01977 Books